000 00906cam a2200301 ib4500
001 b23468002
003 YEEZEN
005 20260311133855.0
008 251119s2025 ch ak g 000 0 chi d
020 _a9786267591185
_q(平裝) :
_cNT$400
040 _aPCCU
_bchi
_cPCCU
042 _anbic
090 _a176.76
_b2746
100 0 _a伊莎貝
245 1 0 _a疲勞世代 :
_b找回身心能量的關鍵8堂課 /
_c伊莎貝著
246 1 0 _a找回身心能量的關鍵8堂課
246 1 3 _a找回身心能量的關鍵八堂課
260 _a新北市 :
_b好人出版 :
_b遠足文化發行,
_c2025.03
300 _a302面 :
_b圖, 表 ;
_c21公分
490 1 _ai生活 ;
_v46.
500 _a版權頁誤題作者伊沙貝
650 7 _a疲勞
_2lcstt.
650 7 _a生活指導
_2lcstt.
650 7 _a健康法
_2lcstt.
700 0 _a伊沙貝
830 0 _ai生活 ;
_v46.
942 _2ccl
_cBOOK
999 _c7699
_d7699